Central Library OPAC University of Rajshahi

The Arab left / (Record no. 42323)

MARC details
000 -LEADER
fixed length control field 00999nam a2200301 a 4500
001 - CONTROL NUMBER
control field 42323
003 - CONTROL NUMBER IDENTIFIER
rucl marc code BD-RjUL
005 - DATE AND TIME OF LATEST TRANSACTION
control field 20211209053526.0
008 - FIXED-LENGTH DATA ELEMENTS--GENERAL INFORMATION
fixed length control field 160611s1976 nyu 001 0 eng
020 ## - INTERNATIONAL STANDARD BOOK NUMBER
International Standard Book Number 0815601247
-- 0815601255
035 ## - SYSTEM CONTROL NUMBER
System control number (BD-RjUL)42441
040 ## - CATALOGING SOURCE
Original cataloging agency DLC
Transcribing agency DLC
Modifying agency MYG
-- BD-RjUL
Language of cataloging eng
041 ## - LANGUAGE CODE
Language code of text/sound track or separate title eng
082 ## - DEWEY DECIMAL CLASSIFICATION NUMBER
Edition number 23
Classification number 320.9174927
Author mark and year ISA 1976
100 1# - MAIN ENTRY--PERSONAL NAME
Personal name Ismael, Tareq Y.
9 (RLIN) 130163
245 14 - TITLE STATEMENT
Title The Arab left /
Statement of responsibility, etc. Tareq Y. Ismael.
250 ## - EDITION STATEMENT
Edition statement 1st.ed.
260 ## - PUBLICATION, DISTRIBUTION, ETC. (IMPRINT)
Place of publication, distribution, etc. Syracuse, N.Y. :
Name of publisher, distributor, etc. Syracuse University Press,
Date of publication, distribution, etc. 1976.
300 ## - PHYSICAL DESCRIPTION
Pagination xi, 204 p. ;
Size 24 cm.
490 1# - SERIES STATEMENT
Series statement Contemporary issues in the Middle East series ;
Volume/sequential designation 4
504 ## - BIBLIOGRAPHY, ETC. NOTE
Bibliography, etc Include index.
650 #0 - SUBJECT ADDED ENTRY--TOPICAL TERM
Topical term or geographic name as entry element Socialism
Geographic subdivision Arab countries
General subdivision History.
9 (RLIN) 130164
Topical term or geographic name as entry element Political parties
Geographic subdivision Arab countries.
9 (RLIN) 130165
Topical term or geographic name as entry element Nationalism
Geographic subdivision Arab countries.
9 (RLIN) 130166
651 #0 - SUBJECT ADDED ENTRY--GEOGRAPHIC NAME
Geographic name Arab countries
General subdivision Politics and government.
9 (RLIN) 130167
830 #0 - SERIES ADDED ENTRY--UNIFORM TITLE
Uniform title Contemporary issues in the Middle East ;
Volume number/sequential designation 4.
942 ## - ADDED ENTRY ELEMENTS (KOHA)
Source of classification or shelving scheme Dewey Decimal Classification
Koha item type Books
Holdings
Lost status Source of classification or shelving scheme Damaged status Not for loan Collection code Permanent Location Current Location Shelving location Date acquired Source of acquisition Cost, normal purchase price Total Checkouts Full call number Date last seen Copy number Koha item type
  Dewey Decimal Classification   Not For Loan Non-fiction Central Library, University of Rajshahi Central Library, University of Rajshahi Reading Room 02/05/1983 Heffor 5.90   320.9174927 ISA 1976 11/06/2016 C-1 Books
  Dewey Decimal Classification     Non-fiction Central Library, University of Rajshahi Central Library, University of Rajshahi   02/05/1983 Heffor 5.90   320.9174927 ISA 1976 11/06/2016 C-2 Books